16 Little Superhero Pictograms Quiz Stats

 Plays Quiz Updated Nov 24, 2017

Score 0/16 Timer 06:00
42 Plays Today
Hint Answer % Correct
Kingpin
95.6%
Doctor Octopus
92.5%
Deadpool
91.7%
Ghost Rider
89.7%
Captain America
82.2%
Iron Fist
80.6%
Human Torch
75.7%
Red Skull
75.2%
Hint Answer % Correct
Nightcrawler
74.9%
Judge Dredd
69.8%
Sabretooth
65.1%
Martian Manhunter
47.4%
Juggernaut
46.7%
Raven
45.4%
Psylocke
38.8%
Wendigo
28.2%

You're not logged in!

Compare scores with friends on all Sporcle quizzes.
OR
Log In

You Might Also Like...

Show Comments

Extras

Top Quizzes Today


Score Distribution

Your Account Isn't Verified!

In order to create a playlist on Sporcle, you need to verify the email address you used during registration. Go to your Sporcle Settings to finish the process.

Report this User

Report this user for behavior that violates our Community Guidelines.

Details: